LEADER 00803nam0-2200289---450- 001 990008329380403321 005 20060517095730.0 035 $a000832938 035 $aFED01000832938 035 $a(Aleph)000832938FED01 035 $a000832938 100 $a20060517d1929----km-y0itay50------ba 101 0 $aita 102 $aIT 105 $aa-------001yy 200 1 $aCastiglion Fiorentino$el'antica rocca della Val di Chiana 210 $aMilano$cSonzogno$dstampa 1929 215 $a16 p.$cill.$d34 cm 225 1 $a<>cento cittą d'Italia illustrate$v283 610 0 $aToscana 801 0$aIT$bUNINA$gRICA$2UNIMARC 901 $aBK 912 $a990008329380403321 952 $aM-03b-006(283)$bIst. 2158$fILFGE 959 $aILFGE 996 $aCastiglion Fiorentino$9744167 997 $aUNINA LEADER 01323nam 2200385 450 001 9910715396703321 005 20210208120457.0 035 $a(CKB)5470000002510063 035 $a(OCoLC)1236453128 035 $a(EXLCZ)995470000002510063 100 $a20210208j202101 ua 0 101 0 $aeng 135 $aur||||||||||| 181 $ctxt$2rdacontent 182 $cc$2rdamedia 183 $acr$2rdacarrier 200 10$aAnalytical and numerical modeling of sensor port acoustics /$fM.J. Casiano, S.R. Fischbach 210 1$aHuntsville, Alabama :$cNational Aeronautics and Space Administration, Marshall Space Flight Center,$dJanuary 2021. 215 $a1 online resourcce (xxi, 115 pages, 1 unnumbered page) $ccolor illustrations 225 1 $aNASA/TP ;$v20210000024 300 $a"January 2021." 320 $aIncludes bibliographical references (pages 113-115). 606 $aAcoustics$2nasat 606 $aRocket engines$2nasat 615 7$aAcoustics. 615 7$aRocket engines. 700 $aCasiano$b M. J.$01388631 702 $aFischbach$b S. R. 712 02$aGeorge C. Marshall Space Flight Center, 801 0$bGPO 801 1$bGPO 906 $aBOOK 912 $a9910715396703321 996 $aAnalytical and numerical modeling of sensor port acoustics$93544025 997 $aUNINA